| 000 | 00762 a2200193 4500 | ||
|---|---|---|---|
| 003 | Nust | ||
| 005 | 20230307094206.0 | ||
| 010 | _a44005081 | ||
| 040 | _cNust | ||
| 082 | _a355.02,DRA | ||
| 100 |
_aDraper, Theodore, _949003 |
||
| 245 |
_aThe six week's war : _bFrance May 10-June 25, 1940 / _cTheodore Draper |
||
| 260 |
_aThe Viking press, _bNew York _c1944 |
||
| 300 |
_avi, 346 p _billus _c(maps) 22 cm _eBibliography: p. 332-336 |
||
| 505 | _aPart.I The Battle of Wits (Page-1), Part.II The Break-Through (Page-55), Part.III The Diversion (Page-92), Part.IV The Encirclement (Page-158), Part.VI The Armistice (Page-214). | ||
| 600 |
_aDraper, Theodore, _949003 |
||
| 650 |
_aThe six weeks’ war; France, May 10-June 25, 1940 _9109914 |
||
| 942 |
_2ddc _cBK |
||
| 999 |
_c185265 _d185265 |
||